000 00303nam a22001337a 4500
008 181015b xxu||||| |||| 00| 0 eng d
020 _a0721634753
041 _aeng
080 _a610
100 _a4
101 _aSHM
245 _aCurrent therapy in equine Medicine
_cRobinson,N.E
942 _2udc
_cBK
999 _c49682
_d49682